تحميل...
Biswas an Encyclopaedic Law Dictionary
| المؤلف الرئيسي: | |
|---|---|
| التنسيق: | Printed Book |
| اللغة: | English |
| منشور في: |
Calcutta
D. C. Books
1979
|
| الموضوعات: |
| LEADER | 00636nam a2200253 a 4500 | ||
|---|---|---|---|
| 001 | adlib96000001 | ||
| 003 | ViArRB | ||
| 005 | 20151026132730.0 | ||
| 008 | 960221s1955 dcuabcdjdbkoqu001 0deng d | ||
| 020 | |||
| 022 | |||
| 040 | |a Adlib | ||
| 082 | |a 34(03) | ||
| 245 | |a Biswas an Encyclopaedic Law Dictionary | ||
| 250 | |||
| 260 | |a Calcutta |b D. C. Books |c 1979 | ||
| 300 | |a vi, 763 p. | ||
| 500 | |a | ||
| 100 | |a Biswas, A R | ||
| 700 | |||
| 942 | |c REF |6 _ | ||
| 653 | |a Law - Dictionaries | ||
| 999 | |c 54546 |d 54546 | ||
| 952 | |0 0 |1 0 |4 0 |6 3403_BISR |7 0 |9 67452 |a UL |b UL |d 2010-06-19 |o 34(03) BIS R |p 00018528 |r 2010-06-19 |w 2010-06-19 |y REF | ||